02294nkc a2200337za 450000100060000000300040000600500170001000700070002700800410003404000240007510000330009924500460013226000240017830001000020250001750030250001920047750000650066950001340073450001690086850400520103750500420108951001510113151002100128256101300149261000680162265100190169065500320170970000530174185200120179485601500180684445OSt20260318102405.0kh boc250410s19101911sp ||||| |||| 00| i|spa d aM-RABAbspacM-RABA1 aElorza, Lorenzod(1861-1931)10aEstíbalizb: Puerta del Oeste c/ L. E. c[ca. 1910 – 1911] a1 fotografíab: gelatina de platac; imagen 12 x 16,5 cme; soporte secundario 21,5 x 26,5 cm aVista de la puerta que se abre en la fachada oeste de la basílica de Nuestra Señora de Estíbaliz, compuesta por un arco apuntado seguido de cinco arquivoltas lisas. aFotografía montada sobre soporte secundario de cartulina azul enmarcada con orla en relieve. Título y numeración manuscrita que hace referencia a la posición en la serie “66”. aSello con monograma del fotógrafo en tinta roja “L.E.” aFechas tomadas de la ejecución del positivo de las fotografías, incluido el soporte secundario. (Soto Madrazo, Javier. 2008). aForma parte de un conjunto de 167 fotografías empleadas por Federico Baráibar Zumárraga para la elaboración del Inventario del Románico en Álava (1911). aBaraibar, F.: "Rincones artísticos", M. 1914. aEstivariz.- Puerta del Oeste. / L. E. aDescripción tomada de: Soto Madrazo, Javier (2008). Federico Baraibar y el Inventario del Románico en Álava: una caja con 167 fotografías. aEsta colección fue utilizada posteriormente por Cristóbal de Castro para la elaboración y publicación del "Catálogo Monumental de España: provincia de Álava", Madrid, S. de Rivadeneira, 1915. aDonadas junto con la memoria manuscrita a la Academia por el mismo Baraibar (Sesión 12 de febrero de 1912, Archivo: 4-32-1)27aSantuario de Santa María de Estíbaliz (cÁlava, España) 7aÁlava2embne 0aFotografías de monumentos1 aBaráibar y Zumárraga, Federico d(1851-1918) jFot-175 3Fot-175uhttps://archivoybiblioteca.realacademiabellasartessanfernando.com/cgi-bin/koha/opac-retrieve-file.pl?id=fad853b365430f3584c315d93a78674f